00653 2200229 4500001002100000005001700021008004100038020002200079035002500101040001200126082001300138084001900151100001900170245009100189250001000280260003100290300004000321650002000361700001900381700001100400850001200411INLIS00000000001093120150824100144.0  a978-602-255-577-3 a0010-081500000002369 aYOPDYOG a899.2213 a899.2213 Eva T aEVA SRI RAHAYU aTwiriesb: The freaky twins diariesc/ Eva Sri Rahayu, Evi Sri Rejeki ; editor Ainini. aCet.1 aYogyakartabde Teensc2014 a303 hlm.b: ilus.c; 19 cm [3 eks.] aFiksi Indonesia aEvi Sri Rejeki aAinini aYOPDYOG